000 00745nam a2200241Ia 4500
003 OSt
005 20220926021043.0
006 a|||||r|||| 00| 0
007 ta
008 220923b |||||||| |||| 00| 0 eng d
037 _cGeneral Book
040 _aRTL
_cRTL
_beng
041 _2eng
_aeng
082 _aX:517.1(X).N7, L4/UN
110 _aUnited Nations Conference on Trade and development
_922209
245 0 _aRestrictive business practices in relation to the
260 _aNew York
_bThe Author
_c1974
300 _avii,16p
_ccm.
650 _aMonopoly
700 _aUnited Nations Conference on Trade and development
_922210
942 _hX:517.1(X).N7, L4/UN
_cGB
_2CC
999 _c635642
_d635642